[Event "XLVI C.to Italiano a squadre Master"]
[Site "Condino ITA"]
[Date "2014.05.01"]
[Round "3"]
[White "Lenic, Luka"]
[Black "Manca, Federico"]
[WhiteElo "2655"]
[BlackElo "2416"]
[Result "1-0"]
[PlyCount "79"]
[EventDate "2014.04.30"]

1. d4 Nf6 2. c4 e6 3. Nc3 Bb4 4. e3 c5 5. Nge2 cxd4 6. exd4 O-O 7. a3 Be7 8.
Nf4 d5 9. cxd5 Nxd5 10. Ncxd5 exd5 11. Bd3 Nc6 12. O-O Nxd4 13. Bxh7+ Kxh7 14.
Qxd4 Bf6 15. Qd3+ Kh8 16. Qxd5 Qxd5 17. Nxd5 Bd4 18. Rd1 Be5 19. Re1 f6 20. Ne7
Re8 21. Ng6+ Kh7 22. Nxe5 Rxe5 23. Rxe5 fxe5 24. Bd2 Bd7 25. Re1 Re8 26. Bc3 e4
27. Re3 Re6 28. h4 Bc6 29. f4 Rd6 30. f5 Rd3 31. Rxd3 exd3 32. Kf2 Kg8 33. g4
Kf7 34. Kg3 Ba4 35. g5 g6 36. h5 gxh5 37. g6+ Kg8 38. Kh4 Bc2 39. Bd2 Kg7 40.
Kg5 1-0

[Event "XLVI C.to Italiano a squadre Master"]
[Site "Condino ITA"]
[Date "2014.05.01"]
[Round "3"]
[White "Marinelli, Tullio"]
[Black "Valsecchi, Alessio"]
[WhiteElo "2367"]
[BlackElo "2407"]
[Result "0-1"]
[PlyCount "80"]
[EventDate "2014.04.30"]

1. d4 f5 2. Bg5 g6 3. e3 Bg7 4. c3 h6 5. Bh4 Nf6 6. f3 d6 7. Bc4 e6 8. Ne2 g5
9. Bf2 Qe7 10. Nd2 Nbd7 11. Qc2 d5 12. Bd3 c5 13. c4 O-O 14. O-O b5 15. b3 bxc4
16. bxc4 cxd4 17. exd4 dxc4 18. Nxc4 Nd5 19. a3 Ba6 20. Qa4 Bxc4 21. Qxc4 Qd6
22. Qa2 N7b6 23. Rac1 Kh8 24. Bb5 Rac8 25. a4 Nf4 26. Nxf4 gxf4 27. Qd2 Nd5 28.
Kh1 Kh7 29. Bc4 Nb6 30. Bb3 Rcd8 31. a5 Nd5 32. Bxd5 Qxd5 33. Qxf4 Qxa5 34. Rc7
e5 35. Qc1 exd4 36. Re1 Rfe8 37. Rxg7+ Kxg7 38. Bxd4+ Kh7 39. Bc3 Rxe1+ 40.
Qxe1 Qxc3 0-1

[Event "XLVI C.to Italiano a squadre Master"]
[Site "Condino ITA"]
[Date "2014.05.01"]
[Round "3"]
[White "Mazzilli, Piero"]
[Black "Ladron De Guevara Pinto, Paolo"]
[WhiteElo "2362"]
[BlackElo "2325"]
[Result "1/2-1/2"]
[PlyCount "29"]
[EventDate "2014.04.30"]

1. e4 e6 2. Nf3 d5 3. Nc3 Nf6 4. e5 Nfd7 5. d4 c5 6. dxc5 Nc6 7. Bf4 Be7 8. h4
a6 9. Qd2 Nxc5 10. Bd3 b5 11. Rh3 Qa5 12. Kf1 b4 13. Ne2 Bb7 14. Nfd4 Nxd4 15.
Nxd4 1/2-1/2

[Event "XLVI C.to Italiano a squadre Master"]
[Site "Condino ITA"]
[Date "2014.05.01"]
[Round "3"]
[White "Misiano, Franco"]
[Black "Rombaldoni, Denis"]
[WhiteElo "2252"]
[BlackElo "2485"]
[Result "1/2-1/2"]
[PlyCount "85"]
[EventDate "2014.04.30"]

1. e4 c6 2. d4 d5 3. Nc3 dxe4 4. Nxe4 Bf5 5. Ng3 Bg6 6. h4 h6 7. Nf3 Nf6 8. Ne5
Bh7 9. Bd3 Bxd3 10. Qxd3 e6 11. Bd2 Nbd7 12. f4 Be7 13. O-O-O c5 14. Qf3 Qc7
15. Nxd7 Qxd7 16. dxc5 Qc6 17. Qe2 Bxc5 18. Bc3 Nd5 19. Rxd5 Qxd5 20. Rd1 Qc6
21. Bxg7 Rg8 22. Nh5 Be7 23. Bxh6 Qxg2 24. Qb5+ Qc6 25. Qxc6+ bxc6 26. Ng7+
Rxg7 27. Bxg7 Bxh4 28. Rh1 Bd8 29. Rh8+ Kd7 30. Bf6 Rc8 31. Rxd8+ Rxd8 32. Bxd8
Kxd8 33. Kd2 Kc7 34. b4 c5 35. a3 Kb6 36. c4 cxb4 37. axb4 a5 38. bxa5+ Kxa5
39. Kc3 Kb6 40. Kb4 Kc6 41. c5 f6 42. Kc4 e5 43. fxe5 1/2-1/2

[Event "XLVI C.to Italiano a squadre Master"]
[Site "Condino ITA"]
[Date "2014.05.01"]
[Round "3"]
[White "Pulito, Alberto"]
[Black "Esposito, Luca"]
[WhiteElo "2300"]
[BlackElo "2214"]
[Result "0-1"]
[PlyCount "38"]
[EventDate "2014.04.30"]

1. Nf3 Nf6 2. c4 g6 3. b4 Bg7 4. Bb2 O-O 5. e3 d6 6. d3 e5 7. Nbd2 Qe7 8. Qc2
Nbd7 9. Be2 d5 10. Rb1 c6 11. O-O e4 12. Nd4 exd3 13. Qxd3 Ne5 14. Qb3 Ne4 15.
Nxe4 dxe4 16. c5 Bg4 17. Bxg4 Nxg4 18. b5 Qe5 19. Nf3 Qh5 0-1

[Event "XLVI C.to Italiano a squadre Master"]
[Site "Condino ITA"]
[Date "2014.05.01"]
[Round "3"]
[White "Rombaldoni, Axel"]
[Black "Sbarra, Marco"]
[WhiteElo "2513"]
[BlackElo "2250"]
[Result "1-0"]
[PlyCount "89"]
[EventDate "2014.04.30"]

1. d4 Nf6 2. c4 e6 3. Nf3 d5 4. Nc3 Bb4 5. cxd5 exd5 6. Bg5 Nbd7 7. e3 c5 8.
Bb5 O-O 9. Bxd7 Bxd7 10. O-O Be6 11. Qb3 Bxc3 12. bxc3 b6 13. a4 h6 14. Bh4 g5
15. Bg3 Ne4 16. Qb2 Rc8 17. dxc5 Nxg3 18. hxg3 Rxc5 19. Nd4 Qe7 20. Qb4 Qc7 21.
Nxe6 fxe6 22. Qg4 Qe5 23. a5 b5 24. a6 Rxc3 25. Rab1 Rb8 26. f4 Qe4 27. Qh5
Qxe3+ 28. Kh1 Qxg3 29. Qg6+ Kh8 30. Qxh6+ Kg8 31. Qg6+ Kh8 32. Qh6+ Kg8 33.
Qxe6+ Kh7 34. Qf5+ Kg8 35. Qxd5+ Kh7 36. Qf5+ Kg8 37. Qg6+ Kh8 38. Qh6+ Kg8 39.
Qe6+ Kh7 40. Qe4+ Kg8 41. Qd5+ Kh7 42. Rbe1 Qh4+ 43. Kg1 gxf4 44. Qf7+ Kh8 45.
Re5 1-0

[Event "XLVI C.to Italiano a squadre Master"]
[Site "Condino ITA"]
[Date "2014.05.01"]
[Round "3"]
[White "Sader, Michael"]
[Black "Mocchi, Tullio"]
[WhiteElo "2267"]
[BlackElo "2223"]
[Result "1/2-1/2"]
[PlyCount "74"]
[EventDate "2014.04.30"]

1. Nf3 d5 2. c4 c6 3. e3 g6 4. Nc3 Nf6 5. Qb3 Bg7 6. cxd5 cxd5 7. Bb5+ Nc6 8.
Ne5 Bd7 9. Nxd7 Qxd7 10. d4 O-O 11. O-O Qd6 12. Bd2 e6 13. Be2 Rab8 14. Rfc1
Nd7 15. Nb5 Qe7 16. a3 a6 17. Nc3 Rfc8 18. Na4 e5 19. dxe5 Qxe5 20. Bg4 Rd8 21.
Bc3 d4 22. exd4 Nxd4 23. Bxd4 Qxd4 24. Bxd7 Qxd7 25. Nc3 Qf5 26. Qc2 Qxc2 27.
Rxc2 Rbc8 28. g3 Rc6 29. Rac1 Rdc8 30. Kf1 Kf8 31. Ke2 Bxc3 32. Rxc3 Rxc3 33.
bxc3 Rc4 34. Kd3 Ra4 35. Ra1 b5 36. Kc2 Ke7 37. Kb3 Kd6 1/2-1/2

[Event "XLVI C.to Italiano a squadre Master"]
[Site "Condino ITA"]
[Date "2014.05.01"]
[Round "3"]
[White "Schacher, Gerd"]
[Black "Lostuzzi, Manlio"]
[WhiteElo "2358"]
[BlackElo "2420"]
[Result "1/2-1/2"]
[PlyCount "37"]
[EventDate "2014.04.30"]

1. Nf3 Nf6 2. c4 c5 3. g3 b6 4. Bg2 Bb7 5. O-O g6 6. Nc3 Bg7 7. d4 cxd4 8. Qxd4
O-O 9. Qh4 Re8 10. Bh6 Bh8 11. Rfd1 d6 12. Rac1 Nbd7 13. Ne1 Bxg2 14. Nxg2 Rc8
15. Ne3 Rc5 16. Bg5 Qa8 17. b3 Qb7 18. Ned5 Bg7 19. Ne4 1/2-1/2

[Event "XLVI C.to Italiano a squadre Master"]
[Site "Condino ITA"]
[Date "2014.05.01"]
[Round "3"]
[White "Stromboli, Carlo"]
[Black "Sarno, Spartaco"]
[WhiteElo "2332"]
[BlackElo "2317"]
[Result "1/2-1/2"]
[PlyCount "100"]
[EventDate "2014.04.30"]

1. e4 d6 2. d4 Nf6 3. Nc3 g6 4. Nf3 Bg7 5. Be2 O-O 6. O-O c6 7. Re1 Nbd7 8. e5
Ne8 9. Bf4 dxe5 10. dxe5 Nc7 11. Qc1 Ne6 12. Bh6 Qc7 13. Bxg7 Kxg7 14. Bf1 a5
15. Re4 h6 16. a4 Ndc5 17. Re1 Bd7 18. Ne4 Rad8 19. Ng3 Bc8 20. Qe3 b6 21. c3
Kh7 22. h4 Ng7 23. b4 Nce6 24. h5 c5 25. Bd3 Rg8 26. Nh4 Nf8 27. Rad1 Bd7 28.
Qf3 Be6 29. Qe4 Ne8 30. Qf4 axb4 31. cxb4 Rd4 32. hxg6+ fxg6 33. Re4 Rxd3 34.
Rxd3 g5 35. Qd2 gxh4 36. Rxh4 Rg6 37. f4 Ng7 38. Rc3 Qd7 39. Qxd7 Nxd7 40. bxc5
Nxc5 41. a5 Rxg3 42. Rxg3 Nf5 43. Rxh6+ Kxh6 44. Rh3+ Kg7 45. axb6 Nd4 46. Re3
Kf7 47. Kh2 Nd7 48. Rd3 Nc6 49. b7 Ndb8 50. Kg3 Bc4 1/2-1/2

[Event "XLVI C.to Italiano a squadre Master"]
[Site "Condino ITA"]
[Date "2014.05.02"]
[Round "4"]
[White "Bentivegna, Francesco"]
[Black "Bruno, Fabio"]
[WhiteElo "2282"]
[BlackElo "2413"]
[Result "1/2-1/2"]
[PlyCount "69"]
[EventDate "2014.04.30"]

1. e4 c5 2. c3 Nf6 3. e5 Nd5 4. d4 cxd4 5. Nf3 b6 6. Bc4 Bb7 7. cxd4 e6 8. O-O
Be7 9. Bxd5 Bxd5 10. Nc3 Bb7 11. d5 exd5 12. Nd4 O-O 13. Nf5 d4 14. Qxd4 Re8
15. e6 f6 16. Rd1 dxe6 17. Qc4 Qxd1+ 18. Nxd1 Bf8 19. Nc3 Nc6 20. Ng3 Ne5 21.
Qe2 Rac8 22. Be3 Nc4 23. a4 Bb4 24. Nb5 a6 25. Nd4 Nxe3 26. fxe3 e5 27. Ndf5 g6
28. Rd1 gxf5 29. Nxf5 Bf8 30. Rd7 Rc1+ 31. Kf2 Bc6 32. Rd1 Rc5 33. b4 Rc3 34.
b5 axb5 35. axb5 1/2-1/2

[Event "XLVI C.to Italiano a squadre Master"]
[Site "Condino ITA"]
[Date "2014.05.02"]
[Round "4"]
[White "Brunello, Sabino"]
[Black "Collutiis, Duilio"]
[WhiteElo "2575"]
[BlackElo "2462"]
[Result "1-0"]
[PlyCount "127"]
[EventDate "2014.04.30"]

1. d4 Nf6 2. c4 e6 3. Nf3 Bb4+ 4. Bd2 Qe7 5. g3 Nc6 6. Nc3 Bxc3 7. Bxc3 Ne4 8.
Rc1 O-O 9. Bg2 a5 10. O-O Nxc3 11. Rxc3 d6 12. d5 Nb4 13. a3 Na6 14. dxe6 fxe6
15. h4 h6 16. Nd2 Nc5 17. b4 axb4 18. axb4 Nd7 19. c5 dxc5 20. Ne4 Nb6 21. Nxc5
c6 22. Qb3 Nd5 23. Rc2 Nc7 24. Rd1 Kh8 25. Rcd2 Nb5 26. Bh3 e5 27. Bxc8 Raxc8
28. Qe3 Nc7 29. Rd7 Qf6 30. R1d6 Qf5 31. f3 Nd5 32. Qe4 Qxe4 33. Nxe4 b5 34.
Rg6 Rg8 35. Nd6 Kh7 36. h5 Rcd8 37. Rxd8 Rxd8 38. Nf5 Rd7 39. Rxc6 Nxb4 40. Rb6
Nd5 41. Rxb5 Nf6 42. g4 e4 43. Kf2 exf3 44. Kxf3 g6 45. hxg6+ Kxg6 46. Nh4+ Kh7
47. Rb6 Rf7 48. Nf5 Ng8 49. e4 Ra7 50. Kf4 Rc7 51. Rd6 Ra7 52. e5 Ra4+ 53. Nd4
Ne7 54. Ke3 Ng6 55. e6 Ne5 56. Kf4 Ng6+ 57. Kf5 Ra5+ 58. Kf6 Rg5 59. Rd7+ Kh8
60. Rd8+ Kh7 61. Rd7+ Kh8 62. Rg7 Rxg4 63. Rxg6 Rxd4 64. e7 1-0

[Event "XLVI C.to Italiano a squadre Master"]
[Site "Condino ITA"]
[Date "2014.05.02"]
[Round "4"]
[White "Cappai, Davide"]
[Black "Micheli, Carlo"]
[WhiteElo "2237"]
[BlackElo "2289"]
[Result "1/2-1/2"]
[PlyCount "52"]
[EventDate "2014.04.30"]

1. d4 d6 2. e4 Nf6 3. Nc3 a6 4. g3 b5 5. a3 Bb7 6. Bg2 Nbd7 7. Nge2 e5 8. O-O
g6 9. h3 Bg7 10. d5 O-O 11. Bg5 Nb6 12. b3 Rc8 13. Qd2 c6 14. dxc6 Rxc6 15. a4
bxa4 16. Nxa4 Nxa4 17. Rxa4 Qc7 18. c4 Rb6 19. Qc2 Bc6 20. Ra3 Rfb8 21. Nc3 Nd7
22. Be3 Nc5 23. Nd5 Bxd5 24. cxd5 Rb5 25. b4 Rxb4 26. Bxc5 R4b5 1/2-1/2

[Event "XLVI C.to Italiano a squadre Master"]
[Site "Condino ITA"]
[Date "2014.05.02"]
[Round "4"]
[White "David, Alberto"]
[Black "Lenic, Luka"]
[WhiteElo "2579"]
[BlackElo "2655"]
[Result "1/2-1/2"]
[PlyCount "35"]
[EventDate "2014.04.30"]

1. e4 c5 2. Nf3 d6 3. Bc4 Nf6 4. d3 Nc6 5. c3 g6 6. O-O Bg7 7. h3 O-O 8. Bb3 a6
9. Re1 b5 10. Nbd2 e6 11. Nf1 Nd7 12. d4 c4 13. Bc2 e5 14. Bg5 Bf6 15. Bh6 Bg7
16. Bg5 Bf6 17. Bh6 Bg7 18. Bg5 1/2-1/2

[Event "XLVI C.to Italiano a squadre Master"]
[Site "Condino ITA"]
[Date "2014.05.02"]
[Round "4"]
[White "De Filomeno, Simone"]
[Black "Malloni, Marcello"]
[WhiteElo "2430"]
[BlackElo "2350"]
[Result "1/2-1/2"]
[PlyCount "64"]
[EventDate "2014.04.30"]

1. d4 Nf6 2. c4 e6 3. Nc3 Bb4 4. f3 d5 5. a3 Be7 6. cxd5 exd5 7. e4 c5 8. e5
Nfd7 9. Nxd5 cxd4 10. Nxe7 Qxe7 11. Qxd4 Nxe5 12. Qe3 Nbc6 13. Bb5 Bf5 14. Ne2
O-O-O 15. O-O Rhe8 16. Ng3 Bd3 17. Bxd3 Rxd3 18. Qf2 Rd5 19. Ne4 Nd3 20. Qg3 f5
21. Bg5 Qc7 22. Qxc7+ Kxc7 23. Nc3 Rd7 24. Rad1 h6 25. Bc1 a6 26. Rd2 Red8 27.
Rc2 Nxc1 28. Rfxc1 Rd2 29. Kf1 R8d3 30. Ke1 Rxc2 31. Rxc2 Kd6 32. Rd2 Ke5
1/2-1/2

[Event "XLVI C.to Italiano a squadre Master"]
[Site "Condino ITA"]
[Date "2014.05.02"]
[Round "4"]
[White "Dvirnyy, Danyyil"]
[Black "D'Amore, Carlo"]
[WhiteElo "2560"]
[BlackElo "2493"]
[Result "1-0"]
[PlyCount "79"]
[EventDate "2014.04.30"]

1. c4 c6 2. g3 Nf6 3. Bg2 d5 4. Nf3 g6 5. b3 Bg7 6. Bb2 O-O 7. O-O Bg4 8. d3
Bxf3 9. Bxf3 Nbd7 10. Nd2 Qb6 11. Qc2 Rfc8 12. Rfc1 Qd8 13. b4 e6 14. Nb3 Ne8
15. Bxg7 Nxg7 16. Qb2 Nf5 17. Rc2 Qe7 18. a3 dxc4 19. Rxc4 Nb6 20. Rcc1 Rd8 21.
Bg2 e5 22. Nc5 Rab8 23. a4 Nd7 24. Nxd7 Rxd7 25. Rc5 Re8 26. Bh3 Rd4 27. Bxf5
gxf5 28. Rac1 Red8 29. b5 e4 30. bxc6 bxc6 31. e3 Rxa4 32. d4 Rd5 33. Rxd5 cxd5
34. Rc8+ Kg7 35. Qb8 Ra6 36. Rg8+ Kf6 37. Qf4 Ke6 38. Qe5+ Kd7 39. Qxd5+ Kc7
40. Qa8 1-0

[Event "XLVI C.to Italiano a squadre Master"]
[Site "Condino ITA"]
[Date "2014.05.02"]
[Round "4"]
[White "Georgiev, Vladimir"]
[Black "Gajewski, Grzegorz"]
[WhiteElo "2553"]
[BlackElo "2631"]
[Result "1-0"]
[PlyCount "139"]
[EventDate "2014.04.30"]

1. d4 Nf6 2. c4 e6 3. Nc3 Bb4 4. e3 O-O 5. Bd3 d5 6. Nf3 b6 7. O-O Bb7 8. cxd5
exd5 9. Ne5 Bd6 10. b3 Nc6 11. Nxc6 Bxc6 12. Nb5 Be7 13. Qc2 Bb7 14. Qxc7 Qxc7
15. Nxc7 Rac8 16. Nb5 a6 17. Ba3 Bxa3 18. Nxa3 Rc3 19. Rad1 Rfc8 20. Ra1 Rf8
21. Rad1 Rfc8 22. Nb1 R3c6 23. f3 g6 24. Kf2 Nh5 25. g4 Ng7 26. g5 f6 27. h4
Nf5 28. Rh1 Kg7 29. Nd2 Rc3 30. Nf1 a5 31. Rd2 Rc1 32. Rh2 R8c3 33. Ng3 Nxg3
34. Kxg3 Re1 35. Kf4 fxg5+ 36. hxg5 Rc7 37. Rhe2 Rg1 38. Rg2 Re1 39. Be2 Re7
40. Rd1 Rxd1 41. Bxd1 Rf7+ 42. Ke5 Kf8 43. Rc2 Ke8 44. Be2 Kd8 45. a3 Re7+ 46.
Kf4 Rf7+ 47. Kg3 Re7 48. Kf2 Kd7 49. Bb5+ Kd6 50. f4 Rf7 51. Kf3 Re7 52. b4
axb4 53. axb4 Rf7 54. Rc1 Re7 55. f5 gxf5 56. Rh1 Bc8 57. Rh6+ Kc7 58. Rc6+ Kb7
59. Rf6 Kc7 60. Bd3 Bd7 61. b5 Rg7 62. Kf4 Re7 63. Bxf5 Bxf5 64. Rxf5 Rd7 65.
Rf6 Kb7 66. Ke5 Rg7 67. Rf5 Re7+ 68. Kxd5 Rxe3 69. Rf7+ Kb8 70. Rxh7 1-0

[Event "XLVI C.to Italiano a squadre Master"]
[Site "Condino ITA"]
[Date "2014.05.02"]
[Round "4"]
[White "Godena, Michele"]
[Black "Garcia Palermo, Carlos Horacio"]
[WhiteElo "2528"]
[BlackElo "2455"]
[Result "1/2-1/2"]
[PlyCount "45"]
[EventDate "2014.04.30"]

1. e4 e5 2. Nf3 Nc6 3. Bc4 Bc5 4. c3 d6 5. d4 exd4 6. cxd4 Bb6 7. Bb5 Bd7 8.
Nc3 Nge7 9. O-O O-O 10. h3 a6 11. Ba4 h6 12. Re1 Ng6 13. Be3 Nce7 14. Bb3 Ba5
15. Nd2 Kh7 16. Qh5 Bxc3 17. bxc3 Qe8 18. Rab1 b6 19. Nf3 Ba4 20. Bc4 Bb5 21.
Bb3 Ba4 22. Bc4 Bb5 23. Bb3 1/2-1/2

[Event "XLVI C.to Italiano a squadre Master"]
[Site "Condino ITA"]
[Date "2014.05.02"]
[Round "4"]
[White "Horvath, Jozsef"]
[Black "Shytaj, Luca"]
[WhiteElo "2505"]
[BlackElo "2453"]
[Result "1/2-1/2"]
[PlyCount "103"]
[EventDate "2014.04.30"]

1. Nf3 Nf6 2. c4 e6 3. Nc3 d5 4. d4 c6 5. e3 Nbd7 6. Qc2 Bd6 7. Bd3 dxc4 8.
Bxc4 b5 9. Bd3 Bb7 10. e4 e5 11. Ne2 a6 12. dxe5 Bxe5 13. Ng3 c5 14. Nxe5 Nxe5
15. Be2 O-O 16. O-O c4 17. Rd1 Qc8 18. Be3 Qe6 19. f3 g6 20. Rd2 Rfd8 21. Rad1
Nc6 22. Qc3 Rxd2 23. Rxd2 h5 24. Bh6 Nh7 25. Rd7 Qf6 26. h3 Qxc3 27. bxc3 Nd8
28. Rd6 Rc8 29. Be3 Nf8 30. h4 Nde6 31. f4 Nc5 32. Bf3 Na4 33. Bd2 Rc6 34. Rd8
Rc8 35. Rxc8 Bxc8 36. e5 Nd7 37. Ne4 Ndc5 38. Nd6 Bg4 39. Bd5 Be6 40. Bc6 Nd3
41. Kf1 Nb6 42. Ne4 Kf8 43. Nf6 Ke7 44. Ke2 Nd7 45. Nd5+ Kd8 46. Be3 N3c5 47.
Bd4 Bf5 48. Nf6 Nxf6 49. exf6 Be4 50. Bxb5 axb5 51. Bxc5 Bxg2 52. a3 1/2-1/2

[Event "XLVI C.to Italiano a squadre Master"]
[Site "Condino ITA"]
[Date "2014.05.02"]
[Round "4"]
[White "Iordachescu, Viorel"]
[Black "Erdos, Viktor"]
[WhiteElo "2601"]
[BlackElo "2651"]
[Result "1/2-1/2"]
[PlyCount "37"]
[EventDate "2014.04.30"]

1. d4 d5 2. c4 c6 3. Nc3 Nf6 4. Nf3 a6 5. c5 g6 6. Bf4 Nh5 7. Bg5 Bg7 8. e3 Nd7
9. Be2 h6 10. Bh4 g5 11. Nd2 gxh4 12. Bxh5 e5 13. O-O O-O 14. Nb3 exd4 15. exd4
Nf6 16. Be2 Ne4 17. Bd3 f5 18. f3 Ng5 19. Kh1 1/2-1/2

[Event "XLVI C.to Italiano a squadre Master"]
[Site "Condino ITA"]
[Date "2014.05.02"]
[Round "4"]
[White "Ladron De Guevara Pinto, Paolo"]
[Black "Schacher, Gerd"]
[WhiteElo "2325"]
[BlackElo "2358"]
[Result "1-0"]
[PlyCount "79"]
[EventDate "2014.04.30"]

1. e4 g6 2. d4 Bg7 3. Nf3 c5 4. Nc3 cxd4 5. Nxd4 Nc6 6. Be3 Nf6 7. Bc4 O-O 8.
Bb3 a5 9. Ndb5 a4 10. Nxa4 Rxa4 11. Bxa4 Qa5+ 12. c3 Nxe4 13. O-O d6 14. b4 Qd8
15. Rc1 Bd7 16. Nd4 Ne5 17. Bxd7 Qxd7 18. f3 Nf6 19. c4 d5 20. c5 Nc4 21. Bf2
e5 22. Nb3 Qb5 23. Nd2 Nb2 24. Qc2 Na4 25. a3 Rc8 26. Rfe1 Nh5 27. g3 Qd7 28.
c6 Qxc6 29. Qxa4 Qxa4 30. Rxc8+ Bf8 31. Bc5 Qc2 32. Nf1 b6 33. Rxf8+ Kg7 34.
Bd6 f6 35. Rd8 d4 36. Rd7+ Kh6 37. h4 g5 38. g4 Qc8 39. Ra7 Nf4 40. Ng3 1-0

[Event "XLVI C.to Italiano a squadre Master"]
[Site "Condino ITA"]
[Date "2014.05.02"]
[Round "4"]
[White "Lostuzzi, Manlio"]
[Black "Arlandi, Ennio"]
[WhiteElo "2420"]
[BlackElo "2430"]
[Result "1/2-1/2"]
[PlyCount "25"]
[EventDate "2014.04.30"]

1. e4 c5 2. Nf3 e6 3. Nc3 d6 4. d4 cxd4 5. Nxd4 a6 6. g3 Nf6 7. Bg2 Qc7 8. O-O
Be7 9. a4 Nc6 10. Nb3 b6 11. f4 Bb7 12. Be3 O-O 13. Qe2 1/2-1/2

[Event "XLVI C.to Italiano a squadre Master"]
[Site "Condino ITA"]
[Date "2014.05.02"]
[Round "4"]
[White "Manca, Federico"]
[Black "Horvath, Csaba"]
[WhiteElo "2416"]
[BlackElo "2557"]
[Result "1/2-1/2"]
[PlyCount "71"]
[EventDate "2014.04.30"]

1. e4 c5 2. Nf3 e6 3. c3 Nf6 4. e5 Nd5 5. d4 cxd4 6. cxd4 d6 7. Bc4 Be7 8. O-O
O-O 9. Qe2 Nc6 10. Nc3 dxe5 11. dxe5 Nxc3 12. bxc3 Qc7 13. Qe4 b6 14. Bg5 Nxe5
15. Bxe7 Nxc4 16. Qxa8 Qxe7 17. Qe4 Na5 18. Rad1 Bb7 19. Qf4 Bd5 20. a4 Qb7 21.
Rfe1 Rc8 22. Ne5 f6 23. Ng4 Qc7 24. Qe3 Bb3 25. Rd3 Bc4 26. Red1 Bxd3 27. Qxe6+
Kh8 28. Rxd3 Qc4 29. Qf5 Re8 30. h3 Qc7 31. f4 Nc4 32. Rd7 Qc6 33. Nh6 Ne3 34.
Nf7+ Kg8 35. Nh6+ Kh8 36. Nf7+ 1/2-1/2

[Event "XLVI C.to Italiano a squadre Master"]
[Site "Condino ITA"]
[Date "2014.05.02"]
[Round "4"]
[White "Marinelli, Tullio"]
[Black "Codenotti, Marco"]
[WhiteElo "2367"]
[BlackElo "2362"]
[Result "1/2-1/2"]
[PlyCount "50"]
[EventDate "2014.04.30"]

1. d4 Nf6 2. c4 g6 3. Nc3 Bg7 4. e4 d6 5. f3 O-O 6. Be3 Nc6 7. Nge2 a6 8. Qd2
Bd7 9. Nc1 Nh5 10. Be2 e5 11. Nb3 Nf4 12. Bf1 exd4 13. Nxd4 Ne6 14. Nxe6 Bxe6
15. Rc1 Qh4+ 16. Bf2 Qf6 17. b3 Nd4 18. Bd3 c6 19. Ne2 Nxe2 20. Bxe2 d5 21.
exd5 cxd5 22. c5 d4 23. O-O Rad8 24. Bd3 Bd5 25. b4 Bc6 1/2-1/2

[Event "XLVI C.to Italiano a squadre Master"]
[Site "Condino ITA"]
[Date "2014.05.02"]
[Round "4"]
[White "Paehtz, Elisabeth"]
[Black "Napoli, Nicolo'"]
[WhiteElo "2440"]
[BlackElo "2241"]
[Result "1/2-1/2"]
[PlyCount "128"]
[EventDate "2014.04.30"]

1. e4 g6 2. d4 Bg7 3. Nc3 c6 4. Nf3 d6 5. a4 Nf6 6. Be2 O-O 7. O-O Bg4 8. Be3
Nbd7 9. h3 Bxf3 10. Bxf3 Rc8 11. Be2 Qa5 12. Qb1 a6 13. Rd1 Qc7 14. a5 c5 15.
d5 Rb8 16. Qc1 b5 17. axb6 Rxb6 18. b3 Ra8 19. Qd2 Rb4 20. f3 Qc8 21. Ra5 Ne8
22. Rda1 Nc7 23. R1a2 Qf8 24. Bxa6 f5 25. Bd3 Rxa5 26. Rxa5 f4 27. Bf2 Ne5 28.
Bf1 g5 29. Na2 Rb7 30. Nc1 h5 31. Nd3 Ng6 32. e5 Nxe5 33. Nxe5 Bxe5 34. Bc4 Kg7
35. Qe2 Qf6 36. Ra4 Bc3 37. h4 gxh4 38. Kh2 Be5 39. Qe4 Qg6 40. Qxg6+ Kxg6 41.
Bxh4 Kf7 42. Bg5 Ne8 43. Bd3 Nf6 44. Bxf4 Nxd5 45. Bxe5 dxe5 46. Be4 Rd7 47.
Ra5 Nf4 48. Rxc5 Kf6 49. Rc8 Rd2 50. Rg8 h4 51. Kg1 Ne2+ 52. Kh2 Nf4 53. Rg4 h3
54. Rxf4+ exf4 55. Kxh3 Ke5 56. g3 fxg3 57. Kxg3 Rd8 58. Bd3 Rb8 59. f4+ Kd4
60. Kg4 Rg8+ 61. Kf5 Rf8+ 62. Ke6 Rxf4 63. Kxe7 Kc3 64. Kd6 Rb4 1/2-1/2

[Event "XLVI C.to Italiano a squadre Master"]
[Site "Condino ITA"]
[Date "2014.05.02"]
[Round "4"]
[White "Qendro, Llambi"]
[Black "Cherin, Diego"]
[WhiteElo "2338"]
[BlackElo "2243"]
[Result "1/2-1/2"]
[PlyCount "20"]
[EventDate "2014.04.30"]

1. d4 f5 2. Nf3 g6 3. g3 Nf6 4. Bg2 Bg7 5. O-O O-O 6. c4 d6 7. Nc3 Nc6 8. d5
Na5 9. Qd3 c5 10. Ng5 Rb8 1/2-1/2

[Event "XLVI C.to Italiano a squadre Master"]
[Site "Condino ITA"]
[Date "2014.05.02"]
[Round "4"]
[White "Rombaldoni, Denis"]
[Black "Stromboli, Ettore"]
[WhiteElo "2485"]
[BlackElo "2304"]
[Result "1-0"]
[PlyCount "65"]
[EventDate "2014.04.30"]

1. Nf3 Nf6 2. c4 b6 3. g3 Bb7 4. Bg2 e6 5. O-O Be7 6. d4 O-O 7. Nc3 d5 8. cxd5
Nxd5 9. Qc2 c5 10. dxc5 Nxc3 11. bxc3 Qc8 12. cxb6 axb6 13. Ng5 Bxg5 14. Bxb7
Qxb7 15. Bxg5 Nd7 16. Rfb1 Rfc8 17. Be3 Rc6 18. Rb5 Qc7 19. Qe4 Nf6 20. Qf3 Nd5
21. Bd4 h6 22. Kg2 Ra3 23. Qg4 f6 24. Rb3 Ra5 25. e4 h5 26. Qg6 Ne7 27. Qe8+
Kh7 28. Qf7 Kh8 29. Rd1 Rxa2 30. Qxh5+ Kg8 31. Qe8+ Kh7 32. Bxf6 Ng8 33. Bxg7
1-0

[Event "XLVI C.to Italiano a squadre Master"]
[Site "Condino ITA"]
[Date "2014.05.02"]
[Round "4"]
[White "Rossi, Carlo"]
[Black "Boscolo, Federico"]
[WhiteElo "2282"]
[BlackElo "2285"]
[Result "1-0"]
[PlyCount "75"]
[EventDate "2014.04.30"]

1. d4 Nf6 2. Bg5 e6 3. Nc3 c5 4. d5 h6 5. Bf4 Qa5 6. Bd2 e5 7. e4 d6 8. a3 Nbd7
9. g4 Be7 10. h4 a6 11. Qf3 Qd8 12. g5 hxg5 13. hxg5 Rxh1 14. Qxh1 Ng8 15. Qh8
Kf8 16. Nf3 Nb6 17. Be2 Bg4 18. g6 f5 19. exf5 Bxf5 20. O-O-O e4 21. Qh5 exf3
22. Qxf5+ Bf6 23. Qxf3 Nd7 24. Qg3 Ne5 25. f4 Nd7 26. Bg4 b5 27. Ne4 a5 28. Be6
b4 29. a4 Nb6 30. b3 c4 31. Rh1 cxb3 32. cxb3 Qc7+ 33. Kb1 Nc4 34. bxc4 Qxc4
35. Nxf6 Nxf6 36. Rh8+ Ke7 37. Rxa8 Qe4+ 38. Kc1 1-0

[Event "XLVI C.to Italiano a squadre Master"]
[Site "Condino ITA"]
[Date "2014.05.02"]
[Round "4"]
[White "Salgado Lopez, Ivan"]
[Black "Georgiev, Kiril D."]
[WhiteElo "2612"]
[BlackElo "2623"]
[Result "1/2-1/2"]
[PlyCount "132"]
[EventDate "2014.04.30"]

1. e4 e5 2. Nf3 Nc6 3. Bb5 Nf6 4. O-O Nxe4 5. Re1 Nd6 6. Nxe5 Be7 7. Bf1 Nxe5
8. Rxe5 O-O 9. Nc3 Ne8 10. Nd5 Bd6 11. Re1 c6 12. Ne3 Bc7 13. Nf5 d5 14. Ne7+
Kh8 15. Nxc8 Rxc8 16. d3 Nf6 17. Qf3 Qd7 18. g3 Ng4 19. d4 Rce8 20. Bg5 f6 21.
Bf4 Ne5 22. Qb3 Ng6 23. Bd2 Bb6 24. c3 Ne7 25. Qd1 Bc7 26. Bd3 f5 27. Qf3 Bd6
28. Bf4 Nc8 29. Bg5 Be7 30. Bf4 Bd6 31. h4 Kg8 32. Bd2 Bc7 33. Rxe8 Qxe8 34.
Re1 Qf7 35. Bg5 h6 36. Bf4 Nd6 37. Bxd6 Bxd6 38. h5 Qd7 39. Qe2 f4 40. g4 f3
41. Qe6+ Qxe6 42. Rxe6 Rf6 43. Re8+ Rf8 44. Re3 Kf7 45. Bf5 Bf4 46. Rxf3 Bc1
47. b3 Ke7 48. Kf1 Kd6 49. Ke2 b5 50. Kd3 a5 51. Rh3 Re8 52. Rh1 Bg5 53. a3 Re7
54. Rf1 Bf4 55. Bg6 Re6 56. a4 bxa4 57. bxa4 Re7 58. Rb1 Kc7 59. Bf5 Re8 60.
Bg6 Rb8 61. Rxb8 Kxb8 62. c4 Kc7 63. Bf7 Kd6 64. Bg8 Bg5 65. Ke2 Bc1 66. Kf3
Bd2 1/2-1/2